000 00653nam a22002177a 4500
999 _c6355
_d6355
003 AR-CdUCM
008 190315b ||||| |||| 00| 0 spa d
040 _aMUNICIPALIDAD PROVINCIAL DEL CUSCO
_cBIBLIOTECA MUNICIPAL DEL CUSCO
082 _a860.82 /
_bL76
100 _aLiscano Velutini, Juan
_918140
245 _aNuevo mundo Orinoco /
260 _aLima :
_bEds. Nuevo Mundo,
_c1960
300 _a130 paginas ;
_c17 cm.
500 _aDonación familia Nieto
505 _aContenido :Poesias /
650 _aPoesías venezolanas
_915275
650 _aLiteratura venezolana
_96294
650 _aSiglo XX
_98
942 _2ddc
_cLIBROS
945 _arjall